Beyond the world of apu: the films of Satyajit Ray (Record no. 420836)

000 -LEADER
fixed length control field 00421cam a22001457a 4500
008 - FIXED-LENGTH DATA ELEMENTS--GENERAL INFORMATION
fixed length control field 180718b2008 xxu||||| |||| 00| 0 eng d
020 ## - INTERNATIONAL STANDARD BOOK NUMBER
International Standard Book Number 8125035109
082 ## - DEWEY DECIMAL CLASSIFICATION NUMBER
Classification number OA835x54 H761
100 ## - MAIN ENTRY--PERSONAL NAME
Personal name Hood, John W.
245 ## - TITLE STATEMENT
Title Beyond the world of apu: the films of Satyajit Ray
Statement of responsibility, etc. by John W. Hood
260 ## - PUBLICATION, DISTRIBUTION, ETC.
Place of publication, distribution, etc. Hyderabad
Name of publisher, distributor, etc. Orient Longman
Date of publication, distribution, etc. 2008
300 ## - PHYSICAL DESCRIPTION
Extent 476p.
650 ## - SUBJECT ADDED ENTRY--TOPICAL TERM
Topical term or geographic name entry element Ray, Satyajit, 1921-1992
650 ## - SUBJECT ADDED ENTRY--TOPICAL TERM
Topical term or geographic name entry element Cinema -India
Holdings
Withdrawn status Lost status Damaged status Not for loan Permanent Location Current Location Date acquired Full call number Barcode Date last seen Price effective from Koha item type
        Indian Institute of Public Administration Indian Institute of Public Administration 2009-08-10 OA835x54 H761 83305 2018-07-21 2018-07-21 Book

Powered by Koha